Ekonomist Organ Saveza ekonomista Jugoslavije

Na minha lista:
Detalhes bibliográficos
Formato: Periódico
Idioma:croata
Publicado em: Zagreb Savez ekonomista Jugoslavije 1987
Tags: Adicionar Tag
Sem tags, seja o primeiro a adicionar uma tag!

MARC

LEADER 00000nas2a2200000 4500
001 s037757
005 20250730114148.9
041 0 |a hrv 
044 |a HR 
245 1 0 |a Ekonomist  |b Organ Saveza ekonomista Jugoslavije 
264 1 |a Zagreb  |b Savez ekonomista Jugoslavije  |c 1987 
300 |a 1 zv. 
773 0 |w eu_un_cat*s121065